Oman Country quiz - Statistics

General Stats
  • This quiz has been taken 622 times
  • The average score is 4 of 13
Answer Stats
Hint Answer % Correct
Main Language Arabic
98%
Capital Muscat
95%
Demonym Omani
53%
Currency Omani Rial
46%
National Sport Football
41%
Sultan Qaboos Bin Said
35%
National Animal Oryx
14%
Traditional Dagger Khanjar
12%
National dress (Female) Abaya
10%
National dress (Male) Dishdasha
10%
Sweet Delicacy Omani Halwa
8%
First University Sultan Qaboos University
7%
Highest Point Jebel Akhdar
5%
No matching quizzes found
Score Distribution
Percent of People with Each Score
Percentile by Number Answered
Your Score History
You have not taken this quiz